000 00578nam a2200181Ia 4500
008 151202s9999||||xx |||||||||||||| ||und||
082 _bPNVM-59492
100 _aदेवार ज्योत्स्ना.
245 _aचुकामूक.
260 _b"अमोल प्रकाशन,पुणे."
260 _c59492
300 _a156
600 _aदेवार ज्योत्स्ना.
630 _aचुकामूक.
700 _aदेवार ज्योत्स्ना.
730 _aचुकामूक.
942 _cBOOK
999 _c1326026
_d1326023